000 00590nam a2200229Ia 4500
003 OSt
005 20220918191230.0
006 a|||||r|||| 00| 0
007 ta
008 220917b |||||||| |||| 00| 0 eng d
024 _a62,145
037 _cTextual
040 _aARTS
_cARTS
_beng
041 _2eng
_aeng
082 _aRk, M2
100 _aNisbet Robert
_975381
245 0 _aPrejudices
_b philosophical dictionary
260 _aLondon
_bHarvard Univ Press
_c1982
650 _aPHILOSOPHY
942 _hRk, M2
_cTEXL
_2CC
999 _c188866
_d188866